Studies of Sustainable Agriculture and Animal Science in Sub-Saharan Africa : (Record no. 601579)

MARC details
000 -LEADER
fixed length control field 00532nam a2200193 a 4500
008 - FIXED-LENGTH DATA ELEMENTS--GENERAL INFORMATION
fixed length control field 251208s2004##################000#0#eng##
020 ## - INTERNATIONAL STANDARD BOOK NUMBER
ISBN 9783631531389
082 04 - DEWEY DECIMAL CLASSIFICATION NUMBER
Classification number 630.967
Item number AMA
100 1# - MAIN ENTRY--AUTHOR NAME
Personal name Amalu, Uche C.,
245 10 - TITLE STATEMENT
Title Studies of Sustainable Agriculture and Animal Science in Sub-Saharan Africa :
260 ## - PUBLICATION, DISTRIBUTION, ETC. (IMPRINT)
Name of publisher Peter Lang Pub Incorporated,
Year of publication 2004.
300 ## - PHYSICAL DESCRIPTION
Number of Pages 151 pages
650 #0 - SUBJECT ADDED ENTRY--TOPICAL TERM
Topical Term Science.
942 ## - ADDED ENTRY ELEMENTS (KOHA)
Koha item type English Books
Holdings
Withdrawn status Lost status Damaged status Not for loan Home library Current library Shelving location Date acquired Full call number Accession Number Price effective from Koha item type
        Anna Centenary Library Anna Centenary Library 6TH FLOOR, A WING 08.12.2025 630.967 AMA 218114 08.12.2025 English Books

Find us on the map